Т. 1; Физика: в 2 т.

Bibliographic Details
Parent link:Физика: в 2 т.: пер. с англ./ Д. К. Джанколи. Т. 1.— , 1989-.— 5-03-000345-2
Language:Russian
Published: 1989
Subjects:
Format: Book
KOHA link:https://koha.lib.tpu.ru/cgi-bin/koha/opac-detail.pl?biblionumber=72357

MARC

LEADER 00000nam2a2200000 4500
001 72357
005 20231031083352.0
035 |a (RuTPU)RU\TPU\book\77162 
090 |a 72357 
100 |a 20050119d1989 km y0rusy50 ca 
101 1 |a rus  |c eng 
102 |a RU 
105 |a a z 000zy 
200 0 |a Т. 1 
210 |d 1989 
215 |a 656 с.  |c ил. 
461 1 |0 (RuTPU)RU\TPU\book\77161  |y 5-03-000345-2  |t Физика: в 2 т.  |o пер. с англ.  |f Д. К. Джанколи  |v Т. 1  |d 1989- 
610 1 |a физика 
610 1 |a движение 
610 1 |a кинематика 
610 1 |a равновесие 
610 1 |a гидростатика 
610 1 |a аэростатика 
610 1 |a гидродинамика 
610 1 |a колебания 
610 1 |a волновые движения 
610 1 |a звуки 
610 1 |a температура 
610 1 |a кинетическая теория 
610 1 |a теплота 
675 |a 53  |v 3 
801 1 |a RU  |b 63413507  |c 20050119  |g PSBO 
801 2 |a RU  |b 63413507  |c 20050120  |g PSBO 
942 |c BK